Hindustan gadar party : (Record no. 129776)
[ view plain ]
| 000 -LEADER | |
|---|---|
| fixed length control field | 00711nam a22002297a 4500 |
| 005 - DATE AND TIME OF LATEST TRANSACTION | |
| control field | 20170124110102.0 |
| 010 ## - LIBRARY OF CONGRESS CONTROL NUMBER | |
| LC control number | 858066 |
| 020 ## - INTERNATIONAL STANDARD BOOK NUMBER | |
| Terms of availability | 32.00 |
| 035 ## - SYSTEM CONTROL NUMBER | |
| System control number | 858066 |
| 037 ## - SOURCE OF ACQUISITION | |
| Source of stock number/acquisition | Cen Lib/Ret |
| 040 ## - CATALOGING SOURCE | |
| Original cataloging agency | DPL |
| Language of cataloging | EN |
| 082 ## - DEWEY DECIMAL CLASSIFICATION NUMBER | |
| Classification number | 954.08111 |
| Item number | SOH |
| 100 ## - MAIN ENTRY--PERSONAL NAME | |
| Personal name | Sohan Singh Josh |
| 9 (RLIN) | 27359 |
| 245 ## - TITLE STATEMENT | |
| Title | Hindustan gadar party : |
| Statement of responsibility, etc | by Sohan Singh Josh |
| Remainder of title | short history / |
| 260 ## - PUBLICATION, DISTRIBUTION, ETC. (IMPRINT) | |
| Place of publication, distribution, etc | New Delhi |
| Name of publisher, distributor, etc | People Publishing House |
| Date of publication, distribution, etc | 1977 |
| 270 ## - ADDRESS | |
| City | New Delhi |
| Address | Rani Jhansi Road |
| Postal code | 110055 |
| 300 ## - PHYSICAL DESCRIPTION | |
| Extent | viii, 310p. |
| Dimensions | 20m(Hb) |
| 500 ## - GENERAL NOTE | |
| General note | Includes bibliographical references and index |
| 650 ## - SUBJECT ADDED ENTRY--TOPICAL TERM | |
| Topical term or geographic name as entry element | History |
| Geographic subdivision | India |
| 9 (RLIN) | 436 |
| 650 ## - SUBJECT ADDED ENTRY--TOPICAL TERM | |
| Topical term or geographic name as entry element | Gadar party |
| Geographic subdivision | India |
| 9 (RLIN) | 27360 |
| 942 ## - ADDED ENTRY ELEMENTS (KOHA) | |
| Source of classification or shelving scheme | Dewey Decimal Classification |
| Koha item type | English Books |
| Classification part | 954.08111 |
| Call number suffix | SOH |
| Withdrawn status | Lost status | Damaged status | Not for loan | Home library | Current library | Date acquired | Source of acquisition | Cost, normal purchase price | Total Checkouts | Full call number | Barcode | Date last seen | Copy number | Cost, replacement price | Price effective from | Koha item type | Public note |
|---|---|---|---|---|---|---|---|---|---|---|---|---|---|---|---|---|---|
| Written off | Central Library | Central Library | 07/07/2015 | Cen Lib/Ret | 32.00 | 954.08111 SOH | 858066 | 07/07/2015 | 1 | 32.00 | 07/07/2015 | English Books | W/d List 8135/8; dtd 21/2/17 |
